[Event "saraquette-2"]
[Site "http://www.queenalice.com/game.php?id=457387"]
[Date "2008.9.2"]
[Round "2"]
[White "Ernani"]
[Black "fraternator"]
[Result "1-0"]
[WhiteElo "2057"]
[BlackElo "966"]

1. e4 c5 2. Nf3 Nc6 3. d4 cxd4 4. Nxd4 g6 5. b3 Bg7 6. Bb2 a6 7. Nxc6 dxc6 8.
Qxd8+ Kxd8 9. Bxg7 Nf6 10. Bxh8 Nxe4 11. Nc3 Nc5 12. Bd4 Ne6 13. O-O-O Bd7 14.
Bb6+ Ke8 15. Bc4 Ng5 16. Rhe1 e6 17. Ne4 Nxe4 18. Rxe4 f5 19. Red4 Bc8 20. Rd8+
Ke7 21. Bc5+ Kf6 22. f4 g5 23. Rf8+ Kg7 24. fxg5 Kg6 25. Rg8+ Kh5 26. Be2+ 1-0

[Event "saraquette-2"]
[Site "http://www.queenalice.com/game.php?id=457388"]
[Date "2008.9.2"]
[Round "3"]
[White "fraternator"]
[Black "archiphile"]
[Result "0-1"]
[WhiteElo "1055"]
[BlackElo "1323"]

1. e4 c5 2. Nf3 b6 3. Bc4 e6 4. Nc3 Bb7 5. O-O a6 6. d3 b5 7. Bb3 Bd6 8. Nd5
exd5 9. exd5 h6 10. Re1+ Ne7 11. Bd2 Kf8 12. Re3 Bxd5 13. Bxd5 Nxd5 14. Re4 Nf6
15. Rh4 h5 16. g3 Ng4 17. Qe1 Be7 18. Qe4 Nc6 19. Qf4 Bxh4 20. Nxh4 Qf6 21. Re1
Qxf4 22. gxf4 Re8 23. f3 Nf6 24. a3 Nd4 25. b4 Nxc2 26. Re5 cxb4 27. axb4 d6 28.
Rg5 d5 29. f5 Re2 30. Bf4 Nxb4 31. Bd6+ Kg8 32. Bxb4 Kh7 33. f4 Rc8 34. Ba3 Rc3
35. Rg2 Rxg2+ 36. Nxg2 Rxa3 37. Ne3 Rxd3 38. Nf1 b4 39. Kf2 Ne4+ 40. Ke2 Rc3 41.
Ne3 Nf6 42. Kd2 a5 43. Nd1 Ne4+ 44. Ke1 Rh3 45. Ke2 Nc3+ 46. Kd2 Rxh2+ 47. Ke1
Rh1+ 48. Kd2 Rxd1+ 49. Kc2 h4 0-1

[Event "AUTO-BEG-247"]
[Site "http://www.queenalice.com/game.php?id=458531"]
[Date "2008.9.5"]
[Round "1"]
[White "mudinho"]
[Black "fraternator"]
[Result "0-1"]
[WhiteElo "1053"]
[BlackElo "1010"]

1. e4 e5 2. Nf3 Nc6 3. Nc3 Bc5 4. Bc4 Nf6 5. O-O Qe7 6. Bb5 a6 7. Bxc6 dxc6 8.
d4 exd4 9. Nxd4 O-O 10. Re1 Be6 11. Nxe6 fxe6 12. Bf4 Rad8 13. Qe2 Nd7 14. Bxc7
Bxf2+ 15. Qxf2 Rxf2 16. Bxd8 Qxd8 17. Kxf2 Qb6+ 18. Kf1 Ne5 19. Ke2 a5 20. Rf1
Qa6+ 21. Ke1 Qb6 22. Kd2 Nc4+ 23. Kc1 Qxb2+ 24. Kd1 Qxa1+ 25. Ke2 Qxc3 26. g4
Qe3+ 27. Kd1 Nb2# 0-1

[Event "AUTO-BEG-247"]
[Site "http://www.queenalice.com/game.php?id=458532"]
[Date "2008.9.5"]
[Round "1"]
[White "fraternator"]
[Black "mudinho"]
[Result "1-0"]
[WhiteElo "1034"]
[BlackElo "1157"]

1. e4 e5 2. Nf3 Nc6 3. Bb5 a6 4. Ba4 Nf6 5. d3 Bb4+ 6. Bd2 Bxd2+ 7. Nbxd2 O-O 8.
h3 d5 9. O-O dxe4 10. dxe4 b5 11. Bb3 Bb7 12. Ng5 Ne7 13. c4 bxc4 14. Nxc4 Qxd1
15. Raxd1 Bxe4 16. Nxe5 c5 17. Bxf7+ Kh8 18. Rd2 a5 19. f3 Bg6 20. Rfd1 a4 21.
b4 cxb4 22. Rd4 Rab8 23. Rh4 h6 24. Bxg6 Rfd8 25. Nef7+ Kg8 26. Rd6 Nxg6 27.
Rhd4 hxg5 28. Rxd8+ Kxf7 29. Rxb8 b3 30. Rxa4 bxa2 31. Rxa2 Nh4 32. Ra7+ Kg6 33.
Rbb7 Nf5 34. g4 Nh4 35. Rxg7+ Kh6 36. Raf7 Nxf3+ 37. Kf2 Ne5 38. Re7 Ng6 39.
Ref7 Ne5 40. Ra7 Nc6 41. Ra6 Kxg7 42. Rxc6 Nd5 43. Kf3 Nb4 44. Rc5 Kh6 45. Kg3
Nd3 46. Rf5 Nf4 47. Rxf4 gxf4+ 48. Kxf4 Kg6 49. h4 Kh6 50. g5+ Kh5 51. Kf5 Kxh4
52. g6 Kh5 53. g7 Kh6 54. Kf6 Kh7 55. Kf7 Kh6 56. g8=Q Kh5 57. Qg6+ Kh4 58. Kf6
Kh3 59. Qf5+ Kh4 60. Qf4+ Kh5 61. Qg5# 1-0

[Event "AUTO-BEG-247"]
[Site "http://www.queenalice.com/game.php?id=458543"]
[Date "2008.9.5"]
[Round "1"]
[White "pawnforme"]
[Black "fraternator"]
[Result "1-0"]
[WhiteElo "1312"]
[BlackElo "1040"]

1. Nf3 Nc6 2. d4 d5 3. e3 e6 4. Be2 Bd6 5. Nbd2 Qf6 6. e4 Bb4 7. e5 Qf5 8. c3
Ba5 9. Nb3 Nge7 10. Nxa5 Nxa5 11. Bd3 Qh5 12. Bg5 Nc4 13. Bxc4 dxc4 14. Bxe7
Kxe7 15. Qd2 Kd7 16. O-O-O Rd8 17. h3 Ke8 18. Qf4 Bd7 19. g4 Qh6 20. g5 Qg6 21.
h4 Ba4 22. Rd2 b5 23. h5 Qf5 24. Qxf5 exf5 25. Nh4 a5 26. Nxf5 Kf8 27. d5 b4 28.
Rh3 b3 29. a3 Bd7 30. Rf3 g6 31. hxg6 hxg6 32. Nh6 Be8 33. e6 Kg7 34. exf7 Bd7
35. Re3 Rf8 36. Re7 Rad8 37. d6 c5 38. Rd5 Bc6 39. Rd2 Rde8 40. fxe8=Q+ 1-0

[Event "AUTO-BEG-247"]
[Site "http://www.queenalice.com/game.php?id=458544"]
[Date "2008.9.5"]
[Round "1"]
[White "fraternator"]
[Black "pawnforme"]
[Result "1-0"]
[WhiteElo "1027"]
[BlackElo "1100"]

1. e4 c5 2. c4 Nc6 3. Nf3 d6 4. d3 Nf6 5. Be3 e5 6. Be2 Be7 7. O-O O-O 8. h3 b6
9. Nc3 Bd7 10. Bg5 Ne8 11. Qd2 Bxg5 12. Nxg5 Nd4 13. Bg4 Bxg4 14. hxg4 Nf6 15.
f3 h6 16. Nh3 Qd7 17. Nf2 a6 18. Nd5 Nxd5 19. exd5 b5 20. cxb5 axb5 21. b3 Qb7
22. Ne4 Qxd5 23. Rae1 Rad8 24. f4 exf4 25. Rxf4 Ne6 26. Rf5 Qb7 27. Nf6+ Kh8 28.
Rh5 Ng5 29. Rf1 Qe7 30. Qxg5 1-0

[Event "AUTO-BEG-247"]
[Site "http://www.queenalice.com/game.php?id=458549"]
[Date "2008.9.5"]
[Round "1"]
[White "stephancharette"]
[Black "fraternator"]
[Result "1-0"]
[WhiteElo "1307"]
[BlackElo "1046"]

1. e3 e5 2. Nf3 Nc6 3. d4 e4 4. Nfd2 Nf6 5. g3 Bb4 6. c3 Ba5 7. Nc4 d5 8. Nxa5
Nxa5 9. Qa4+ Bd7 10. Qxa5 O-O 11. Qb4 Bc6 12. Bb5 Qd6 13. Bxc6 bxc6 14. a3 Rab8
15. Qxd6 Rbd8 16. Qxc7 Ng4 17. Qxc6 f5 18. O-O Rf6 19. Qc7 Rdf8 20. Qxa7 g5 21.
Qc5 Rh6 22. Qxd5+ Rf7 23. Nd2 Nxh2 24. Qd8+ Kg7 25. Qxg5+ Rg6 26. Qxg6+ hxg6 27.
Kxh2 Kf6 28. Kg2 Kg7 29. b4 g5 30. f4 1-0

[Event "AUTO-BEG-247"]
[Site "http://www.queenalice.com/game.php?id=458550"]
[Date "2008.9.5"]
[Round "1"]
[White "fraternator"]
[Black "stephancharette"]
[Result "0-1"]
[WhiteElo "1015"]
[BlackElo "1300"]

1. e4 d5 2. exd5 Qxd5 3. Nc3 Qe5+ 4. Nge2 e6 5. f4 Qf6 6. d4 Qh4+ 7. g3 Qf6 8.
Ne4 Qe7 9. N2c3 Nf6 10. Bd3 b6 11. Bb5+ Bd7 12. Be3 g6 13. Qf3 Nxe4 14. Qxe4 c6
15. Bc4 Qb4 16. d5 Qxb2 17. O-O Qxc3 18. Rae1 Bc5 19. dxe6 fxe6 20. Bxe6 Kd8 21.
Qe5 Qxe5 22. fxe5 Bxe6 23. Kh1 a5 24. Bg5+ Kc7 25. Rf6 Bd5+ 0-1

[Event "Challenge"]
[Site "http://www.queenalice.com/game.php?id=465740"]
[Date "2008.9.20"]
[Round "-"]
[White "stephancharette"]
[Black "fraternator"]
[Result "1-0"]
[WhiteElo "1387"]
[BlackElo "1055"]

1. d4 d5 2. Nf3 Bf5 3. e3 Nc6 4. Bd3 e6 5. Bxf5 exf5 6. O-O Bd6 7. Nc3 Nf6 8.
Qd3 Ne7 9. Qb5+ Qd7 10. Qxb7 Qc8 11. Qxc8+ Nxc8 12. Nb5 O-O 13. Nxd6 Nxd6 14.
Re1 Rae8 15. h3 Re4 16. b3 Nh5 17. Ng5 Rh4 18. g3 Rxh3 19. Nxh3 Ne4 20. Nf4 g5
21. Nxh5 Re8 22. a4 Re6 23. f4 gxf4 24. Nxf4 Rh6 25. Nxd5 Nxg3 26. Kf2 Ne4+ 27.
Kf3 Ng5+ 28. Ke2 Rh2+ 29. Kd1 Nf3 30. Nc3 Nxe1 31. Bd2 Nf3 32. Bc1 h5 33. e4 h4
34. Ra2 Rh1+ 35. Ke2 fxe4 36. Nxe4 Nxd4+ 37. Kd2 h3 38. Nf2 Rh2 39. Ke3 f5 40.
Nxh3 Rxh3+ 41. Kxd4 Rh1 42. Ra1 Rd1+ 43. Ke5 Rf1 44. c4 c5 45. Kd5 f4 46. Kxc5
f3 47. Bb2 Rf2 48. Bd4 Re2 49. Rf1 f2 50. Rxf2 Re7 51. Rg2+ Kf8 52. a5 1-0

[Event "=D"]
[Site "http://www.queenalice.com/game.php?id=480417"]
[Date "2008.10.21"]
[Round "-"]
[White "fraternator"]
[Black "lala"]
[Result "1-0"]
[WhiteElo "1052"]
[BlackElo "1414"]

1. e4 e5 2. Nf3 Nc6 3. Bb5 Bc5 4. Nxe5 Nxe5 5. d4 Bb4+ 6. Bd2 Nc6 7. O-O Bd6 8.
c3 Qh4 9. h3 Nf6 10. e5 Ne4 11. exd6 cxd6 12. Qe2 d5 13. Be1 O-O 14. Bd2 Ne7 15.
Be3 a6 16. Ba4 d6 17. Nd2 Ng5 18. Nf3 Nxf3+ 19. Qxf3 b5 20. Bc2 a5 21. a4 b4 22.
cxb4 axb4 23. Bf4 Ra6 24. Rfe1 Ng6 25. Bxg6 hxg6 26. Re7 g5 27. Bg3 Qxd4 28. Ra2
Qc4 29. Ra1 d4 30. Rae1 d3 31. Re8 Rxa4 32. Qh5 d2 33. Rxf8+ Kxf8 34. Bxd6+ Kg8
35. Re8# 1-0

[Event "Challenge"]
[Site "http://www.queenalice.com/game.php?id=517335"]
[Date "2009.1.5"]
[Round "-"]
[White "fraternator"]
[Black "Tourinho"]
[Result "0-1"]
[WhiteElo "1166"]
[BlackElo "1625"]

1. e4 e5 2. Nf3 Nc6 3. Bb5 d6 4. d4 Bd7 5. O-O a6 6. Bxc6 Bxc6 7. dxe5 Be7 8.
Re1 dxe5 9. Nxe5 Qxd1 10. Rxd1 Bxe4 11. c4 Nf6 12. Nc3 Bf5 13. f3 O-O 14. g4 Be6
15. Bg5 h6 16. Bxf6 gxf6 17. Nd7 Rfd8 18. Nxf6+ Bxf6 19. Ne4 Be7 20. Kf2 Rxd1
21. Rxd1 Rd8 22. Rc1 Rd4 23. b3 f5 24. gxf5 Bxf5 25. Rg1+ Kf7 26. Ng3 Bh4 27.
Ke3 Rd3+ 28. Kf4 Bxg3+ 29. hxg3 Bg6 30. Rh1 h5 31. g4 hxg4 32. fxg4 Kg7 33. Re1
Rd7 34. a4 Bc2 35. Re3 Kf7 36. g5 Re7 37. Rxe7+ Kxe7 38. Kg4 Kf7 39. Kh5 Kg7 0-1

[Event "Poirot X fraternator "]
[Site "http://www.queenalice.com/game.php?id=518835"]
[Date "2009.1.7"]
[Round "-"]
[White "Poirot"]
[Black "fraternator"]
[Result "1-0"]
[WhiteElo "1808"]
[BlackElo "1100"]

1. e4 e5 2. Nf3 Nc6 3. Bb5 Nf6 4. O-O Be7 5. Nc3 d5 6. Nxe5 dxe4 7. Nxc6 bxc6 8.
Bxc6+ Bd7 9. Bxa8 Qxa8 10. d3 exd3 11. Qxd3 O-O 12. Bg5 Be6 13. Nb5 Rd8 14. Qc3
Ne4 15. Nxc7 Qc8 16. Qa5 Nxg5 17. Rae1 Bc4 18. Rxe7 Bxf1 19. Kxf1 Rd1+ 20. Ke2
Qg4+ 21. Ke3 Qd4+ 22. Ke2 h6 23. Re8+ Kh7 24. Qc3 Qxc3 25. bxc3 Rd7 26. Nb5 Rb7
27. a4 a6 28. Nd6 Rb2 29. Kd3 Ra2 30. h4 Ne6 31. Nxf7 Nf4+ 32. Kc4 Rxc2 33. g3
Ne2 34. h5 g6 35. hxg6+ Kxg6 36. Ne5+ Kf6 37. Ng4+ Kg6 38. Re6+ Kf5 39. Ne3+
Kxe6 40. Nxc2 Kf5 41. Nd4+ Nxd4 42. cxd4 Ke6 43. Kc5 1-0

[Event "fraternator X Poirot "]
[Site "http://www.queenalice.com/game.php?id=518836"]
[Date "2009.1.7"]
[Round "-"]
[White "fraternator"]
[Black "Poirot"]
[Result "1-0"]
[WhiteElo "1098"]
[BlackElo "1810"]

1. e4 e5 2. Nf3 Nc6 3. Bb5 a6 4. Ba4 Nf6 5. d3 b5 6. Bb3 Be7 7. O-O O-O 8. c3 d6
9. h3 Na5 10. Nbd2 Nxb3 11. axb3 c6 12. b4 Qd7 13. Re1 d5 14. Nf1 Bb7 15. Nxe5
Qd6 16. Bf4 Qd8 17. Ng3 Re8 18. Ng4 dxe4 19. Nxf6+ Bxf6 20. Nxe4 Re6 21. Qg4 Bc8
22. Nxf6+ Rxf6 23. Qe2 Kf8 24. Bg5 Re6 25. Bxd8 Rxe2 26. Rxe2 Bf5 27. Bb6 Bxd3
28. Re5 Rb8 29. Rd1 Rxb6 30. Rxd3 f6 31. Rd8+ Kf7 32. Rh5 h6 33. Rh4 Rb7 34. Rd6
g5 35. Rhd4 Kg6 36. Rxc6 Re7 37. Rxa6 Re2 38. Rdd6 Rxb2 39. Rxf6+ Kg7 40. Rfb6
Rb1+ 41. Kh2 Rxb4 42. Rb7+ 1-0

[Event "Challenge"]
[Site "http://www.queenalice.com/game.php?id=525265"]
[Date "2009.1.18"]
[Round "-"]
[White "she_wolf"]
[Black "fraternator"]
[Result "0-1"]
[WhiteElo "1121"]
[BlackElo "1082"]

1. e4 e5 2. Nf3 Nc6 3. Bc4 Bc5 4. O-O d6 5. d3 h6 6. Nfd2 Nf6 7. Nb3 O-O 8. Nxc5
dxc5 9. a4 Na5 10. Ba2 Re8 11. Nc3 Nc6 12. Qf3 Nd4 13. Qh3 Bxh3 14. Re1 Be6 15.
Bc4 Nxc2 16. Bd2 Nxa1 17. Rxa1 Bxc4 18. Nd1 Qxd3 19. Be3 Qf1# 0-1

[Event "AUTO-BEG-287"]
[Site "http://www.queenalice.com/game.php?id=531349"]
[Date "2009.1.29"]
[Round "1"]
[White "godzilla"]
[Black "fraternator"]
[Result "1-0"]
[WhiteElo "1625"]
[BlackElo "1168"]

1. d4 d5 2. c4 e6 3. Nc3 Nf6 4. cxd5 exd5 5. Bg5 Be7 6. e3 O-O 7. Bd3 Ng4 8.
Bxe7 Qxe7 9. Nxd5 Qd7 10. Nc3 Qd6 11. Qc2 g6 12. Ne4 Qe7 13. h3 Qb4+ 14. Kd1 Nh6
15. Nf6+ Kg7 16. Nd5 Qd6 17. Nxc7 Na6 18. Nxa8 Nb4 19. Qc7 Qxc7 20. Nxc7 Nxd3
21. Ke2 Nxb2 22. Rb1 Nc4 23. Nf3 b6 24. Rhc1 Nd6 25. Ne5 Bf5 26. Rb4 f6 27. Nc6
Rc8 28. Nxa7 Rb8 29. a4 Be4 30. f3 Bf5 31. a5 b5 32. Naxb5 Nxb5 33. Rxb5 Rd8 34.
a6 Bd7 35. Rb6 Ba4 36. Ne6+ 1-0

[Event "AUTO-BEG-287"]
[Site "http://www.queenalice.com/game.php?id=531350"]
[Date "2009.1.29"]
[Round "1"]
[White "fraternator"]
[Black "godzilla"]
[Result "0-1"]
[WhiteElo "1128"]
[BlackElo "1603"]

1. e4 e6 2. d4 d5 3. e5 c5 4. c3 Nc6 5. Nf3 Qb6 6. Be2 cxd4 7. cxd4 Nh6 8. O-O
Nf5 9. Nbd2 Nfxd4 10. Nxd4 Qxd4 11. Nf3 Qxd1 12. Rxd1 Bc5 13. Bf4 Bb6 14. Bb5
Bd7 15. a4 Rc8 16. a5 Nxa5 17. Bxd7+ Kxd7 18. b4 Nc4 19. Ng5 h6 20. Ne4 Nb2 21.
Rd2 Rc4 22. Rxb2 Rxe4 23. g3 Bd4 24. Rba2 Bxa1 25. Rxa1 a6 26. f3 Rxb4 27. Bd2
Rb2 28. Bc3 Rb3 29. Rc1 Rc8 0-1

[Event "AUTO-BEG-287"]
[Site "http://www.queenalice.com/game.php?id=531363"]
[Date "2009.1.29"]
[Round "1"]
[White "saiesha"]
[Black "fraternator"]
[Result "1-0"]
[WhiteElo "1649"]
[BlackElo "1128"]

1. d4 d5 2. c4 e6 3. cxd5 exd5 4. Nc3 Nf6 5. Bg5 Be7 6. e3 Nc6 7. a3 O-O 8. Be2
Ne4 9. Bxe7 Nxe7 10. Bd3 Bf5 11. Nge2 a6 12. Ng3 Nxg3 13. hxg3 Qd7 14. Qc2 Bxd3
15. Qxd3 f5 16. g4 fxg4 17. Qxh7+ Kf7 18. Qh5+ Ng6 19. Qxd5+ Qxd5 20. Nxd5 c6
21. Nc3 b5 22. Rc1 Rac8 23. Ne4 Rfe8 24. Nd6+ Kf6 25. Nxc8 Rxc8 26. Rc5 Ne7 27.
Ke2 1-0

[Event "AUTO-BEG-287"]
[Site "http://www.queenalice.com/game.php?id=531364"]
[Date "2009.1.29"]
[Round "1"]
[White "fraternator"]
[Black "saiesha"]
[Result "0-1"]
[WhiteElo "1128"]
[BlackElo "1622"]

1. e4 c5 2. Nf3 d6 3. d4 cxd4 4. Nxd4 Nf6 5. Nc3 a6 6. Be2 e5 7. Nb3 Be7 8. Bg5
Nbd7 9. O-O O-O 10. Nd2 h6 11. Bxf6 Nxf6 12. h3 Be6 13. Bh5 Rc8 14. Qe2 Qb6 15.
Na4 Qd4 16. Nc3 Nxh5 17. Rad1 Nf4 18. Qf3 Qb6 19. Na4 Qc6 20. Nc3 b5 21. a3 Bc4
22. Nxc4 Qxc4 23. Rfe1 Rfd8 24. Re3 a5 25. b3 Qxc3 26. Rxc3 Rxc3 27. Qg4 h5 28.
Qxf4 exf4 0-1

[Event "AUTO-BEG-287"]
[Site "http://www.queenalice.com/game.php?id=531371"]
[Date "2009.1.29"]
[Round "1"]
[White "dreaming_of_a_vacation"]
[Black "fraternator"]
[Result "0-1"]
[WhiteElo "1258"]
[BlackElo "1148"]

1. e3 e5 2. f3 d5 3. Bb5+ c6 4. Bd3 f5 5. f4 e4 6. Qh5+ g6 7. Qe2 exd3 8. Qxd3
Nf6 9. Nf3 b6 10. b3 Bg7 11. Ne5 Ne4 12. Rf1 Qh4+ 13. g3 Qxh2 14. Nf3 Qxg3+ 15.
Rf2 Qxf2+ 16. Kd1 Bxa1 17. Qe2 Qxe2+ 18. Kxe2 Ba6+ 19. d3 Nd7 20. Kd1 Ng3 21.
Ba3 h5 22. Ng5 h4 23. c3 Bxd3 24. Nd2 Bxc3 25. Ndf3 h3 26. Nh2 c5 27. Ne6 Rc8
28. Ng5 O-O 29. Ne6 Rfe8 30. Ng5 Rxe3 0-1

[Event "AUTO-BEG-287"]
[Site "http://www.queenalice.com/game.php?id=531372"]
[Date "2009.1.29"]
[Round "1"]
[White "fraternator"]
[Black "dreaming_of_a_vacation"]
[Result "1-0"]
[WhiteElo "1126"]
[BlackElo "1282"]

1. e4 d6 2. d4 h5 3. Nf3 c5 4. dxc5 dxc5 5. Be3 Qa5+ 6. c3 Bd7 7. Qd5 Bc6 8.
Qxc5 b6 9. Qd4 Nd7 10. Nbd2 e5 11. Qc4 Bb5 12. Qd5 Rd8 13. Ng5 Nh6 14. Bxb5 Bc5
15. Nxf7 Nxf7 16. a4 a6 17. Nb3 Rh6 18. Nxa5 Rd6 19. Bxd7+ R8xd7 20. Qa8+ Rd8
21. Qxa6 bxa5 22. Qb5+ R6d7 23. Bxc5 Ng5 24. Qc4 Rc7 25. O-O Rc6 26. Qg8+ Kd7
27. Rfd1+ Kc7 28. Qxd8+ Kb7 29. Rd7+ Rc7 30. Qxc7+ 1-0

[Event "Challenge"]
[Site "http://www.queenalice.com/game.php?id=547499"]
[Date "2009.2.27"]
[Round "-"]
[White "fraternator"]
[Black "sejalivre"]
[Result "0-1"]
[WhiteElo "1164"]
[BlackElo "1369"]

1. e4 Nc6 2. d4 e5 3. Nf3 b6 4. Nc3 d6 5. h3 Nf6 6. dxe5 Nxe5 7. Bb5+ Bd7 8. Bc4
Nxc4 9. O-O Be7 10. b3 Ne5 11. Re1 O-O 12. Bg5 c5 13. Bxf6 Bxf6 14. Nd5 Nxf3+
15. Qxf3 Bxa1 0-1